BUBT Library Online Catalog

Text Book on Commercial Law / (Record no. 6693)

000 -LEADER
fixed length control field 00590nam a22002057a 4500
003 - CONTROL NUMBER IDENTIFIER
control field BUBTL
008 - FIXED-LENGTH DATA ELEMENTS--GENERAL INFORMATION
fixed length control field 220427b ||||| |||| 00| 0 eng d
020 ## - INTERNATIONAL STANDARD BOOK NUMBER
International Standard Book Number 9848372149
082 ## - DEWEY DECIMAL CLASSIFICATION NUMBER
Classification number 346/ H7949t/ 2013
100 ## - MAIN ENTRY--PERSONAL NAME
9 (RLIN) 1820
Personal name Hossain, Md. Iqbal
245 ## - TITLE STATEMENT
Title Text Book on Commercial Law /
Statement of responsibility, etc. Md. Iqbal Hossain
250 ## - EDITION STATEMENT
Edition statement 2nd Edn.
260 ## - PUBLICATION, DISTRIBUTION, ETC. (IMPRINT)
Place of publication, distribution, etc. Dhaka
Name of publisher, distributor, etc. Ain Prokashan
Date of publication, distribution, etc. c2013
300 ## - PHYSICAL DESCRIPTION
Extent xxviii, 803 p.:
Dimensions 21 cm.
505 ## - FORMATTED CONTENTS NOTE
Formatted contents note Commercial Law, Md. Iqbal Hossain
650 #0 - SUBJECT ADDED ENTRY--TOPICAL TERM
9 (RLIN) 26
Topical term or geographic name as entry element Law
856 ## - ELECTRONIC LOCATION AND ACCESS
Password 0
Logon 0
Link text Download
942 ## - ADDED ENTRY ELEMENTS (KOHA)
Source of classification or shelving scheme
Koha item type Books
Holdings
Withdrawn status Lost status Source of classification or shelving scheme Damaged status Not for loan Collection code Permanent location Current location Shelving location Date acquired Source of acquisition Inventory number Total Checkouts Full call number Barcode Date last seen Copy number Price effective from Koha item type
        Not For Loan Non-fiction Bangladesh University of Business and Technology Library Bangladesh University of Business and Technology Library Law Stacks 03/21/2022 Purchase 28441   346/ H7949t/ 2013 BUBTL-200328441 04/27/2022 C-1 04/27/2022 Books
        Not For Loan Non-fiction Bangladesh University of Business and Technology Library Bangladesh University of Business and Technology Library Law Stacks 03/21/2022 Purchase 28442   346/ H7949t/ 2013 BUBTL-200328442 04/27/2022 C-2 04/27/2022 Books
          Non-fiction Bangladesh University of Business and Technology Library Bangladesh University of Business and Technology Library Law Stacks 03/21/2022 Purchase 28443   346/ H7949t/ 2013 BUBTL-200328443 04/27/2022 C-3 04/27/2022 Books
          Non-fiction Bangladesh University of Business and Technology Library Bangladesh University of Business and Technology Library Law Stacks 03/21/2022 Purchase 28444   346/ H7949t/ 2013 BUBTL-200328444 04/27/2022 C-4 04/27/2022 Books
          Non-fiction Bangladesh University of Business and Technology Library Bangladesh University of Business and Technology Library Law Stacks 03/21/2022 Purchase 28445   346/ H7949t/ 2013 BUBTL-200328445 04/27/2022 C-5 04/27/2022 Books

More Information About Library

Library Hours

  • Open: 9.00 am. to 9.00 pm.
  • Only Sunday: 9.00 am. to 6.00 pm.
  • Closed: Holiday

Contact to the University

Bangladesh University of Business and Technology Library

  • Mirpurl-2, 1216.
  • Phone:
  • Fax:
  • E-Mail: admin.library@bubt.edu.bd

Contact to the Library

Contact Person:

Md. Abdul Hakim Shah
Joint Librarian
PABX No:  113
Cell No: 01816332931
E-mail: official: admin.library@bubt.edu.bd
Personal: hakim.shah@bubt.edu.bd


BUBT Library

Copyright © 2021